The Legend of Zelda Games - Statistics

General Stats
  • This quiz has been taken 24 times
  • The average score is 17 of 31
Answer Stats
Year Main or Spinoff Console Answer % Correct
1986 Main Series NES The Legend of Zelda
100%
1991 Main Series SNES The Legend of Zelda: A Link to the Past
69%
1998 Main Series N64 The Legend of Zelda: Ocarina of Time
69%
2011 Main Series Wii The Legend of Zelda: Skyward Sword
69%
2006 Main Series GameCube/Wii The Legend of Zelda: Twilight Princess
69%
1993 Main Series Game Boy The Legend of Zelda: Link's Awakening
63%
2000 Main Series N64 The Legend of Zelda: Majora's Mask
63%
2002 Main Series GameCube The Legend of Zelda: The Wind Waker
63%
2013 Main Series 3DS The Legend of Zelda: A Link Between Worlds
56%
2017 Main Series Wii U/Switch The Legend of Zelda: Breath of the Wild
56%
2011 Remake 3DS The Legend of Zelda: Ocarina of Time 3D
56%
2001 Main Series Game Boy Color The Legend of Zelda: Oracle of Ages
56%
2001 Main Series Game Boy Color The Legend of Zelda: Oracle of Seasons
56%
2007 Main Series NDS The Legend of Zelda: Phantom Hourglass
56%
2023 Main Series Switch The Legend of Zelda: Tears of the Kingdom
56%
2014 Spinoff Wii U Hyrule Warriors
50%
2020 Spinoff Switch Hyrule Warriors: Age of Calamity
50%
2007 Spinoff Wii Link's Crossbow Training
50%
2002 Main Series GBA The Legend of Zelda: Four Swords
50%
2004 Main Series GameCube The Legend of Zelda: Four Swords Adventures
50%
2015 Remake 3DS The Legend of Zelda: Majora's Mask 3D
50%
2021 Remake Switch The Legend of Zelda: Skyward Sword HD
50%
2009 Main Series NDS The Legend of Zelda: Spirit Tracks
50%
2004 Main Series GBA The Legend of Zelda:The Minish Cap
50%
2013 Remake Wii U The Legend of Zelda: The Wind Waker HD
50%
2015 Main Series 3DS The Legend of Zelda: Triforce Heroes
50%
2016 Remake Wii U The Legend of Zelda: Twilight Princess HD
50%
1987 Main Series NES Zelda II: The Adventure of Link
50%
1993 Spinoff CDi Link: The Faces of Evil
44%
2019 Remake Switch The Legend of Zelda: Link's Awakening HD
44%
1993 Spinoff CDi Zelda: The Wand of Gamelon
44%
No matching quizzes found
Score Distribution
Percent of People with Each Score
Percentile by Number Answered
Your Score History
You have not taken this quiz